| 000 | 00564nam a2200181Ia 4500 | ||
|---|---|---|---|
| 001 | 20818 | ||
| 005 | 20260306172833.0 | ||
| 008 | 260306t2024||||xx |||||||||||||| ||spa|| | ||
| 041 | _aESP | ||
| 082 |
_a343.8 _bCH534M |
||
| 100 |
_aChávez Hurtado, Joaquín, _eAUT |
||
| 245 | 0 |
_aManual de fiscalización tributaria para el contador : _basesoría práctica para enfrentar fiscalizaciones definitivas, parciales y electrónicas de la Sunat |
|
| 260 | _c2024 | ||
| 300 |
_a270 páginas : _c29 cm. |
||
| 650 | _aGEN | ||
| 654 | _aCDE | ||
| 942 |
_cLIB _dJUS _fJUS _2ddc _n |
||
| 999 |
_c20818 _d20818 |
||